Statystyki dla Policz do piętnastu (słownie) w 15 sekund

Kliknij tutaj aby rozwiązać quiz!

Ogólne statystyki

  • Ten quiz został rozwiązany 647 razy
  • Średni wynik to 8 z 15

Statystyki odpowiedzi

zliczać% Poprawnych
jeden
99%
dwa
97%
trzy
93%
cztery
91%
pięć
88%
sześć
80%
siedem
72%
osiem
64%
dziewięć
44%
dziesięć
30%
jedenaście
17%
dwanaście
8%
trzynaście
3%
czternaście
1%
piętnaście
1%

Rozkład punktacji

Percentyl według liczby udzielonych odpowiedzi

Procent ludzi z każdym wynikiem

Twoja historia wyników

Nie rozwiązałeś tego quizu